University Home | Library Home | Institutional Repository

The spread of English. (Record no. 170206)

MARC details
000 -LEADER
fixed length control field 00622cam2a220021700 4500
001 - CONTROL NUMBER
control field zam00002825
008 - FIXED-LENGTH DATA ELEMENTS--GENERAL INFORMATION
fixed length control field 951128s1977 xx eng u
035 ## - SYSTEM CONTROL NUMBER
System control number (Sirsi) r20164
035 ## - SYSTEM CONTROL NUMBER
System control number (MACHINE)SLC.
100 ## - MAIN ENTRY--PERSONAL NAME
Personal name Fishman, J. A. et al.
Linkage A81407.1
245 14 - TITLE STATEMENT
Title The spread of English.
260 ## - PUBLICATION, DISTRIBUTION, ETC.
Date of publication, distribution, etc. 1977.
591 ## -
-- Class code: E 929.
591 ## -
-- Course: Origins distrib. & variab. of English.
591 ## -
-- School: S05.
591 ## -
-- Lecturer: Mr. HIRST, S.B.
591 ## -
-- Number of Students: 30.
949 ## - LOCAL PROCESSING INFORMATION (OCLC)
a PE1128.A2 FISH
w lcc
m MAIN
p 2500
t SHORTLOAN
l SHORTLOAN
909 ## -
-- Book

No items available.

© 2026 - The University of Zambia Library - Koha v25.11